01691 a2200193 45000010006000000050017000060080041000230030015000640400040000790800084001192450159002030200018003622640033003803000019004135050926004320410008013581000025013668560106013914120820260407155706.0260407a1997 arg spa dAR-UNSa-BCEJYS aAR-UNSa-BCEJYSbspacAR-UNSa-BCEJYS a347.73xOrganizaciones comerciales. Derecho financiero (títulos de crédito)10aFactura de crédito. Simplificación del cheque diferidopotros efectos de la ley 24.760 sobre: cheques, concursos, código penal e infracción fiscal a950-894-089-1 1aBuenos Aires :bAD-HOCc1997 a140 p.c23 cm. a1. Contenido, estructura, efectos y objetivos de la ley 24.760 - 2. Normas reglamentarias y complementarias sobre factura de crédito y documentos equivalentes - 3. Factura de crédito: alcance de la obligatoriedad del sistema. Campo de acción remamente de la factura común - 4. Campo de acción remanente del cheque común, la letra de cambio y el pagaré. El caso de la prenda con registro - 5. Requisitos de la factura de crédito. El recibo de factura o recibo factura. Incumplimiento de los requisitos - 6. Circulación de la factura de crédito - 7. Recursos por falta de aceptación y/o pago de la factura de crédito - 8. Factura de crédito: intervención. Normas supletorias. Prescripción - 9. Modificaciones a la Ley de Cheques - 10. A modo de balance sobre las reformas: espacio del cheque de pago diferido dentro y fuera del régimen de las facturas de crédito - 11. Apéndice normativo aspa1 aHighton, Federico R.41uhttps://biblioeco.unsa.edu.ar/pmb/images/libros/factura_de_credito.jpgyImagen de portadaqimage/jpeg